• 首页
  • 本馆介绍
  • 公告通知
  • 最新文献
  • 馆藏检索
  • 电子资源
  • 读者导购
  • 参考咨询
  • 我的图书馆
  • 登录
  • 详细信息显示
  • 放入我的书架
  • 预约/预借图书
  • 作者相关作品
  • 分类相关作品
  • 丛书相关作品
  • 出版社相关作品

书目信息

  • 表格格式
  • 工作单格式
  • 卡片格式
题名:
为了21世纪的教育——问题与展望
    
 
作者: 王晓辉 , 赵中建 译
分册:  
出版信息: 北京   教育科学出版社  2002
页数: 319页
开本: 24cm
丛书名: 联合国教科文组织教育丛书
单 册:
中图分类: G40-53 , G4
科图分类:
主题词: 教育理论--21世纪--文集 , 教育理论 , 教育
电子资源:
ISBN: 7-5041-2357-9
000 01050oam2 2200301 450
001 1536448003
005 20151110141948.97
010    @a7-5041-2357-9@dCNY35.00
100    @a20030225d2002 em y0chiy0110 ea
101 1  @achi@ceng
102    @aCN@b110000
105    @ay z 000yy
200 1  @a为了21世纪的教育——问题与展望@9wei le 21 shi ji de jiao yu — — wen ti yu zhan wang@f王晓辉,赵中建等译
210    @a北京@c教育科学出版社@d2002
215    @a319页@d24cm
225 2  @a联合国教科文组织教育丛书
330    @a本书分为未来展望、教育政策、教育过程的不同侧面、倾听四个部分,汇集了教育及相关领域的诸多国际专家对21世纪教育问题广泛和深入的探讨。
461  0 @12001 @a联合国教科文组织教育丛书
510 1  @aEducation for the 21 Century@eIssues and Prospects@zeng
606 0  @a教育理论@z21世纪@j文集
606 0  @a教育理论
606 0  @a教育
690    @aG40-53@v5
690    @aG4@v4
701  0 @a王晓辉@9wang xiao hui@4译
701  0 @a赵中建@9zhao zhong jian@f(1954~)@4译
801  0 @aCN@bTSSF@c20150203
905    @aZUCC@dG4@eJY869
    
    为了21世纪的教育——问题与展望/王晓辉,赵中建等译.-北京:教育科学出版社,2002
    319页;24cm.-(联合国教科文组织教育丛书)
    
    
    ISBN 7-5041-2357-9:CNY35.00
    本书分为未来展望、教育政策、教育过程的不同侧面、倾听四个部分,汇集了教育及相关领域的诸多国际专家对21世纪教育问题广泛和深入的探讨。
●
相关链接 在E读中查询图书 在五车中查询图书 在当当中查询图书 在豆瓣中查询图书


正题名:为了21世纪的教育——问题与展望     索取号:G4/JY869         预约/预借

序号 登录号 条形码 馆藏地/架位号 状态 备注
1 7865448   278654485   学院路分馆/ [索取号:G4/JY869] 在馆    
唐山师范学院图书馆 欢迎您!
大连网信软件有限公司© 版权所有